000 00879nam a2200313Ia 4500
001 dia_1480
003 CHAP
005 20251021145003.0
008 220117s1947 xx 000 0 und d
010 _a172021
040 _cCHAP
082 _a621.18 F35 1947
100 _aFaires, Virgil Moring
_939343
245 _aApplied thermodynamics /
_c Virgil Moring Faires
250 _arev.
260 _aEstados Unidos de América :
_b Macmillan Co.,
_c1947
300 _axvii, 480 p.
504 _aIncluye bibliografías
590 _aTJ265 F35 1947
650 _aGases
_947216
650 _aSteam
_9150846
650 _aTermodinámica
_9112366
650 _aThermodynamics
_9150775
650 _aVapor
_9117901
901 _a621.18 F35 1947
902 _aM
905 _a5232271947 -usadmn8222223322eng16
942 _cLIBRO
_2ddc
999 _c172021
_d172021